000 00258pab a2200109 454500
008 180718b xxu||||| |||| 00| 0 eng d
100 _aReddy, P.H
245 _aWhiter demographic research?
650 _aPopulation
773 _aFinancial Express
909 _a22741
999 _c22741
_d22741